Tom Hiddleston Filmography - Statistics

General Stats
  • This quiz has been taken 302 times
    40 since last reset
  • The average score is 24 of 104
Answer Stats
Type Year Name % Correct
Film 2012 The Avengers
95%
Film 2011 Thor
95%
Film 2013 Thor: The Dark World
91%
Film 2019 Avengers: Endgame
86%
Film 2018 Avengers: Infinity War
86%
Web Series 2021-2023 Loki
86%
Film 2017 Thor: Ragnarok
86%
Theater 2017 Hamlet
59%
Film 2026 Avengers: Doomsday
55%
Film 2015 Crimson Peak
55%
Film 2017 Kong: Skull Island
55%
TV Film 2012 Henry V
50%
TV Show 2016, 2025 The Night Manager
50%
TV Film 2012 Henry IV, Part I and Part II
45%
Theater 2007 Othello
45%
Radio Play 2008 Othello
45%
Film 2024 The Life of Chuck
45%
Film 2011 War Horse
45%
Film 2011 Midnight in Paris
41%
Theater 2025 Much Ado About Nothing
41%
Web Series 2021-2024 What If...?
41%
Film 2023 Ant-Man and the Wasp: Quantumania
36%
Theater 2013 Coriolanus
36%
Film 2018 Early Man
32%
Film 2015 High-Rise
32%
Film 2013 Only Lovers Left Alive
32%
Film 2011 The Deep Blue Sea
32%
Film 2015 I Saw the Light
27%
Film 2014 Muppets Most Wanted
27%
Film 2014 The Pirate Fairy
27%
Film 2010 Archipelago
23%
Theater 2007 Cymbeline
23%
Film TBA Tenzing
23%
Video Game 2011 Thor: God of Thunder
23%
Film 2007 Unrelated
23%
Theater 2019 Betrayal
18%
Radio Play 2006 Dracula
18%
TV Show 2013 Family Guy
18%
TV Show 2009 Return to Cranford
18%
Web Mini-Series 2022 The Essex Serpent
18%
Web Series 2016 Trollhunters: Tales of Arcadia
18%
TV Film 2005 A Waste of Shame
14%
TV Show 2021 CBeebies Bedtime Story
14%
TV Film 2001 Conspiracy
14%
Documentary Series 2020-2021 Earth at Night in Color
14%
Documentary Series 2024 Earthsounds
14%
Commercial 2014 Jaguar
14%
Theater 1999 Journey's End
14%
TV Short 2018 Leading Lady Parts
14%
TV Film 2007 Miss Austen Regrets
14%
Documentary Series 2025 Prehistoric Planet
14%
TV Show 2012 Robot Chicken
14%
TV Show 2006-2007 Suburban Shootout
14%
Theater 2010 The Children's Monologues
14%
TV Film 2002 The Gathering Storm
14%
Theater 2022 The Play What I Wrote
14%
TV Special 2022 The Play What I Wrote
14%
Theater 2006 Twelfth Night
14%
TV Show 2008-2010 Wallander
14%
Short Film 2015 WillShake
14%
Documentary Series 2020 20/20
9%
Documentary 2017 An Evening with George Smiley
9%
Radio Play 2006 Another Country
9%
Theater 2000 A Passage to India
9%
TV Show 2001 Armadillo
9%
Documentary Series 2023 Big Beasts
9%
Radio Play 2007 Caesar III: An Empire Without End
9%
Radio Play 2009 Carnival
9%
TV Show 2007 CASUAL+Y
9%
TV Special 2024 Comic Relief: Funny for Money
9%
Radio Play 2008 Cyrano de Bergerac
9%
TV Documentary 2009 Darwin's Secret Notebooks
9%
Radio Play 2019 Enchanting Poems Alive
9%
Film 2013 Exhibition
9%
Short Film 2012 Friend Request Pending
9%
Documentary Mini-Series 2006 Galápagos
9%
Theater 2008 Ivanov
9%
Short Film 2013 Out of Darkness
9%
Short Film 2012 Out of Time
9%
Short Documentary TBA Rock Chanel
9%
TV Show 2018 Running Man
9%
Web Series TBA Spadehead
9%
TV Show 2023 Strictly Come Dancing
9%
Documentary Series TBA Surviving Pompeii
9%
Theater 2006 The Changeling
9%
Short Film 2021 The Good, the Bart, and the Loki
9%
Theater 2012 The Kingdom of Earth
9%
Radio Play 2008 The Leopard
9%
TV Film 2001 The Life and Adventures of Nicholas Nickleby
9%
Short Film 2022 The Simpsons: Welcome to the Club
9%
Radio Play 2002 The Trial of the Angry Brigade
9%
Documentary 2015 Unity
9%
Documentary Series 2006 Victoria Cross Heroes
9%
Radio Play 2015 Words and Music: Memory
9%
Theater 2005 Young Oxo: The Man
9%
Short Documentary 2014 A Brothers' Journey: Thor & Loki
5%
Short Documentary 2014 Loki: The God of Mischief
5%
TV Documentary 2014 Marvel Studios: Assembling a Universe
5%
TV Show 2013 Saturday Night Live Korea
5%
Documentary Series 2012 Shakespeare Uncovered
5%
Short Documentary 2018 Thor: Finding Korg
5%
TV Documentary 2014 Travelling at Night with Jim Jarmusch
5%
Theater 2001 Electra
0%
Commercial 2022 Hyundai Tucson
0%
No matching quizzes found
Score Distribution
Percent of People with Each Score
Percentile by Number Answered
Your Score History
You have not taken this quiz since the last reset